Mniejsze polskie miejscowości, które możesz znać #1 - Statystyki

Ogólne statystyki
  • Ten quiz został rozwiązany 3 889 razy
  • Średni wynik to 10 z 16
Statystyki odpowiedzi
Powód Ludność Miasto % Poprawnych
Miasto, które ma podobną nazwę do półwyspu, na którym leży 2,8 tys. H Hel
97%
Miasta te znane są z kopalni soli 27,5 tys W Wieliczka
93%
Nagrywany był tam Ojciec Mateusz 21,4 tys. S Sandomierz
89%
Popularne miejsce wypoczynkowe nad Bałtykiem 3,1 tys. Ł Łeba
88%
Znajduje się tam najwiekszy posąg Jezusa Chrystusa na świecie 21,3 tys. Ś Świebodzin
84%
Miasto, w którym leży największy park rozrywki w Polsce 3,6 tys. Z Zator
83%
Inne miasto położone na wyżej wymienionym półwyspie 2,6 tys. J Jastarnia
81%
Miasta te znane są z kopalni soli 28,6 tys. B Bochnia
75%
Siedzibę tam ma klub piłkarski Bruk-Bet Termalica 682 N Nieciecza
65%
Najbardziej na północ wysunięta polska miejscowość 1 tys. J Jastrzębia Góra
59%
Znane jest z produkcji porcelany, także jedyne polskie miasto na literę Ć 2,8 tys. Ć Ćmielów
56%
W tej wsi znajduje się jedyny międzynarodowyport lotniczy w województwie śląskim 561 P Pyrzowice
49%
Miasto położone w Beskidzie Śląskim, znane z m.in.ośrodka narciarskiego Kolej Linowa Czantoria 16 tys. U Ustroń
49%
Znane może być z XVI-wiecznej zachowanej twierdzy, o tej samej nazwie, co miasto 24,9 tys. K Kłodzko
40%
Najstarsze lokowane na niemieckim prawie miasto w Polsce 14,3 tys. Z Złotoryja
22%
W tej wsi znajduje się największy park wodny w Polsce 148 W Wręcza
11%
Nie znaleziono quizów pasujących do podanych kryteriów
Rozkład punktacji
Procent ludzi z każdym wynikiem
Percentyl według liczby udzielonych odpowiedzi
Twoja historia wyników
Nie rozwiązałeś tego quizu